| 000 | 02244cam a2200409 a 4500 | ||
|---|---|---|---|
| 999 |
_c16130 _d16130 |
||
| 001 | 14670003 | ||
| 003 | EG-ScBUE | ||
| 005 | 20200119120330.0 | ||
| 008 | 061214r20102007enka f b 001 0 eng d | ||
| 020 | _a9780761943686 | ||
| 020 | _a9780761943693 | ||
| 035 | _a(OCoLC)ocn144530429 | ||
| 040 |
_aUKM _beng _erda _cUKM _dBTCTA _dBAKER _dYDXCP _dBWKUK _dBWK _dCS1 _dDLC _dEG-ScBUE |
||
| 082 | 0 | 4 |
_a808.51024378 _bCHI _222 |
| 100 | 1 |
_aChivers, Barbara, _eauthor. _927487 |
|
| 245 | 1 | 2 |
_aA Student's guide to presentations : _bmaking your presentation count / _cBarbara Chivers, Michael Shoolbred. |
| 250 | _aReprinted edition. | ||
| 264 | 1 |
_aLondon : _bSAGE Publications Ltd, _c2010. |
|
| 300 |
_ax, 166 pages : _billustrations ; _c25 cm. |
||
| 336 |
_atext _btxt _2rdacontent |
||
| 337 |
_aunmediated _bn _2rdamedia |
||
| 338 |
_avolume _bnc _2rdacarrier |
||
| 490 | 0 | _aSage essential study skills | |
| 500 | _aIncludes appendices. | ||
| 504 | _aIncludes bibliographical references and index. | ||
| 505 | 0 | _aWhy do a presentation? -- What makes an effective presentation? -- Improving individual performance -- Presenting as part of a group -- Ten steps for preparing your presentation -- Understanding your audience -- Developing content and structure -- Creating audiovisual aids and handouts -- Using PowerPoint effectively -- Learning from presentations -- Delivering a presentation as part of an interview -- Presenting numbers effectively -- Copyright and plagiarism -- Presentation skills guidelines | |
| 520 | _aAre you daunted by the prospect of doing a presentation or just keen to improve your presentation skills? This book gives you a detailed guide to the preparation and delivery of both individual and . | ||
| 650 | 7 |
_aPublic speaking. _2BUEsh _927489 |
|
| 650 | 7 |
_aOral communication _xStudy and teaching (Higher) _2BUEsh _927490 |
|
| 650 | 7 |
_aDissertations, Academic. _2BUEsh _927491 |
|
| 653 |
_bHHUUEENN _cOctober2011 |
||
| 655 | _vReading book | ||
| 700 | 1 |
_aShoolbred, Michael, _eauthor. _927492 |
|
| 856 | 4 | 2 |
_3Publisher description _uhttp://www.loc.gov/catdir/enhancements/fy0814/2006940400-d.html |
| 856 | 4 | 1 |
_3Table of contents only _uhttp://www.loc.gov/catdir/enhancements/fy0814/2006940400-t.html |
| 942 |
_2ddc _cBB |
||